| Tag |
First Indicator |
Second Indicator |
Subfields |
| LEADER |
00000cam a2200000 a 4500 |
| 001 |
in00000017237 |
| 005 |
20151007053423.0 |
| 008 |
870630s1988 mau 00010 eng |
| 010 |
|
|
|a 87016963
|
| 020 |
|
|
|a 0395457122 :
|c $13.95
|
| 020 |
|
|
|a 0395457130 (pbk.) :
|c $8.95
|
| 035 |
|
|
|a (OCoLC)16227935
|
| 035 |
|
|
|9 AAB1595AM
|
| 040 |
|
|
|a DLC
|c DLC
|d TXA
|d UtOrBLW
|
| 049 |
|
|
|a TXAM
|c [A11466339]
|
| 050 |
0 |
0 |
|a PS3558.U288
|b A69 1988
|
| 082 |
0 |
|
|a 811/.54
|2 19
|
| 100 |
1 |
|
|a Hudgins, Andrew.
|
| 245 |
1 |
0 |
|a After the lost war :
|b a narrative /
|c Andrew Hudgins.
|
| 264 |
|
1 |
|a Boston :
|b Houghton Mifflin,
|c 1988.
|
| 300 |
|
|
|a ix, 134 pages ;
|c 22 cm.
|
| 336 |
|
|
|a text
|b txt
|2 rdacontent
|
| 337 |
|
|
|a unmediated
|b n
|2 rdamedia
|
| 338 |
|
|
|a volume
|b nc
|2 rdacarrier
|
| 586 |
|
|
|a Poet's Prize, 1989
|
| 999 |
|
|
|a MARS
|
| 999 |
f |
f |
|s 9452502a-c19e-36d1-8035-92893cd88443
|i f800aa5b-9c34-313d-b3bc-f1e942f31509
|t 0
|
| 952 |
f |
f |
|p ric
|a Texas A&M University
|b Rellis Campus
|c Joint Library Facility
|d Remote Storage
|t 0
|e PS3558.U288 A69 1988
|h Library of Congress classification
|i unmediated -- volume
|m A14811466339
|
| 998 |
f |
f |
|a PS3558.U288 A69 1988
|t 0
|l Remote Storage
|